Facets of digital marketing / (Record no. 166796)

MARC details
000 -LEADER
fixed length control field 00661nam a22001937a 4500
005 - DATE AND TIME OF LATEST TRANSACTION
control field 20240226122352.0
010 ## - LCCN (DPL NO)
LC control number ENG-139447
020 ## - INTERNATIONAL STANDARD BOOK NUMBER
International Standard Book Number 978-93-88398-52-7
Terms of availability 550.00
035 ## - SYSTEM CONTROL NUMBER
System control number EN-122979
037 ## - SOURCE OF ACQUISITION
Source of stock number/acquisition DBAD/PUB
082 ## - DEWEY DECIMAL CLASSIFICATION NUMBER
Classification number 658.872
245 ## - TITLE STATEMENT
Title Facets of digital marketing /
Statement of responsibility, etc edited by P.S. Nagarajan
260 ## - PUBLICATION, DISTRIBUTION, ETC. (IMPRINT)
Name of publisher, distributor, etc Shanlax publications
Date of publication, distribution, etc 2019
Place of publication, distribution, etc Tamil Nadu
270 ## - ADDRESS
Address 61,66T.P.K. main road vasantha nagar, madurai,
City Tamil Nadu
Postal code 625003
Telephone number 7639303383
Electronic mail address publisher@shanlaxpublications.com
300 ## - PHYSICAL DESCRIPTION
Extent 205p.
Dimensions 22cm(pbk)
500 ## - GENERAL NOTE
General note its include table and figure
700 ## - ADDED ENTRY--PERSONAL NAME
Personal name P.S.Nagarajan
9 (RLIN) 62498
942 ## - ADDED ENTRY ELEMENTS (KOHA)
Source of classification or shelving scheme Dewey Decimal Classification
Item type English Books
Classification part 658.872
Call number suffix FAC
Holdings
Withdrawn status Lost status Not for loan Collection code Home library Current library Date acquired Source of acquisition Cost, normal purchase price Full call number Barcode Copy number Cost, replacement price Koha item type
      Non-fiction Peshwa Road Peshwa Road 26/02/2024 DBAD/PUB 550.00 658.872 FAC EN-122979 1 550.00 English Books

© Delhi Public Library
Hit Counter
free hit counter